Genetics (Registro nro. 309748)

Detalles MARC
000 -ENCABEZADO
Número de control [NR] 00843cam a2200277Mc 4500
001 - NÚMERO DE CONTROL
control field on1005823148
005 - FECHA Y HORA DE LA ÚLTIMA TRANSACCIÓN
control field 20180531084401.0
007 - CAMPO DESCRIPCIÓN FÍSICA FIJA - INFORMACIÓN GENERAL
fixed length control field ta
008 - DE LONGITUD FIJA DE DATOS DE ELEMENTOS - INFORMACIÓN GENERAL
Elementos de longitud fija [NR] 180531s2018 nyua 001 0 eng d
020 ## - NUMERO INTERNACIONAL NORMALIZADO PARA LIBROS [R]
Número Internacional Normalizado del libro [NR] 9781259616020 (6a.Ed.)
020 ## - NUMERO INTERNACIONAL NORMALIZADO PARA LIBROS [R]
Número Internacional Normalizado del libro [NR] 1259616029
035 ## - NUMERO DE CONTROL DEL SISTEMA [R]
Número de control del sistema [NR] (OCoLC)1005823148
Numero Cancelado/no válido [R] (OCoLC)1026380317
040 ## - FUENTE DE CATALOGACION [NR]
Agencia de catalogación original [NR] Co-BoUCM
Idioma de catalogación [NR] spa
Quien Cataloga Saul Niño
Quien Clasifica Saul Niño
041 0# - CODIGO DE IDIOMA [R]
Código de idioma para texto/pista de sonido o título separado [R] Inglés
080 ## - NUMERO DE CLASIFICACION DECIMAL UNIVERSAL (CDU) [R]
Número de la Clasificación Decimal Universal [NR] 575.113
080 ## - NUMERO DE CLASIFICACION DECIMAL UNIVERSAL (CDU) [R]
Número de la Clasificación Decimal Universal [NR] 575
Identificador de edición [NR] 2015
100 1# - ASIENTO PRINCIPAL--NOMBRE PERSONAL [NR]
Nombre personal [NR] Brooker, Robert J.
ID Autoridad 92726
245 10 - MENCION DE TITULO [NR]
Título [NR] Genetics
Parte restante del título [NR] analysis and Principles
Mención de responsabilidad, etc. [NR] Robert J. Brooker
250 ## - MENCION DE EDICION [NR]
Mención de edición [NR] Sexta edición
260 ## - PUBLICACION, DISTRIBUCION, ETC. (PIE DE IMPRENTA) [R]
Lugar de publicación, distribución, etc. [R] New York
Nombre del editor, distribuidor, etc. [R] McGraw Hill Education
Fecha de publicación, distribución, etc. [R] [2018]
300 ## - DESCRIPCION FISICA [R]
Extensión [R] xiv, 759, [90] páginas
Otros detalles físicos [NR] ilustraciones
546 ## - NOTA DE IDIOMA [R]
Nota de idioma [NR] Texto en inglés
650 #7 - ASIENTO SECUNDARIO DE MATERIA - TERMINO TEMATICO [R]
Término temático o nombre geográfico como elemento de entrada [NR] Genética humana
9 (RLIN) 16317
650 #7 - ASIENTO SECUNDARIO DE MATERIA - TERMINO TEMATICO [R]
Término temático o nombre geográfico como elemento de entrada [NR] Genomas
9 (RLIN) 16328
942 ## - ELEMENTOS DE ENTRADA AGREGADOS (KOHA)
Sistema de clasificación NLM
Tema principal Ciencias puras
Tipo de ítem principal el descrito en 300a Libro de reserva
Edición 6
Clasificación QH 430
Parte restante de la signatura top. B872g
Existencias
Fecha de último préstamo Total préstamos Signatura topográfica Código de barras Última vez visto Volúmen / Fascículo Ejemplar Costo de reposición Price effective from Tipo de ítem Perdido Sistema de clasificación Dañado No prestable Tipo de ítem específico Suprimido Ubicación habitual Ubicación actual Localización Fecha de creación Proveedor Forma de adquisición Costo
08/05/2024 2 QH 430 B872g 100157333 10/12/2025 6a.Ed. Ej.1 437213.00 24/05/2018 Libro   NLM     Libro   Quinta de Mutis Quinta de Mutis 1er piso 24/05/2018 19 Compra 437213.00
20/03/2019 3 QH 430 B872g 100157395 10/12/2025 6a.Ed. Ej.2 437213.00 25/06/2018 Libro   NLM     Libro   Quinta de Mutis Quinta de Mutis 1er piso 25/06/2018 19 Compra 437213.00